Comité Interjurisdiccional del Río Colorado : 40 Años.

Guardado en:
Autor Corporativo: Comité Interjurisdiccional del Río Colorado.
Formato: Libro
Idioma:Spanish
Publicado: Bahía Blanca : COIRCO, 2019.
Materias:
Etiquetas: Agregar Etiqueta
Sin Etiquetas, Sea el primero en etiquetar este registro!
LEADER 00457nam a22001455a 4500
001 DER.der014555
008 200203s2019####ag############000#0#spa#d
005 20251218191111.0
245 1 0 |a Comité Interjurisdiccional del Río Colorado :  |b 40 Años. 
260 |a Bahía Blanca :  |b COIRCO,  |c 2019. 
300 |a 175 p. 
110 2 |a Comité Interjurisdiccional del Río Colorado. 
650 7 |a DERECHO AMBIENTAL 
653 |a Agua 
859 |a DERECHO  |b BIB. DERECHO  |h 333.91  |i COM  |p 009843